UBT Library

The physician as teacher / (Record no. 41090)

000 -LEADER
fixed length control field 00566cam a2200217 a 4500
001 - CONTROL NUMBER
control field 3352375
005 - DATE AND TIME OF LATEST TRANSACTION
control field 20180127053529.0
008 - FIXED-LENGTH DATA ELEMENTS--GENERAL INFORMATION
fixed length control field 861007s1987 mdua b 001 0 eng
010 ## - LIBRARY OF CONGRESS CONTROL NUMBER
LC control number 86026716
020 ## - INTERNATIONAL STANDARD BOOK NUMBER
International Standard Book Number 0683076132 (pbk.)
040 ## - CATALOGING SOURCE
Original cataloging agency DLC
Transcribing agency DLC
Modifying agency DLC
041 ## - LANGUAGE CODE
Language code of text/sound track or separate title eng
080 ## - UNIVERSAL DECIMAL CLASSIFICATION NUMBER
Universal Decimal Classification number 610.73
082 00 - DEWEY DECIMAL CLASSIFICATION NUMBER
Classification number 610.73 SCH
Edition number 19
100 1# - Rafti
Rafti 4
101 ## - Shkurtesa
Shkurtesa SHM
245 14 - TITLE STATEMENT
Title The physician as teacher /
Statement of responsibility, etc Thomas L. Schwenk, Neal A. Whitman.
504 ## - BIBLIOGRAPHY, ETC. NOTE
Bibliography, etc Bibliography: p. 189-196.
906 ## - LOCAL DATA ELEMENT F, LDF (RLIN)
a 7
b cbc
c orignew
d 1
e ocip
f 19
g y-gencatlg
942 ## - ADDED ENTRY ELEMENTS (KOHA)
Source of classification or shelving scheme
Item type Books
Holdings
Withdrawn status Lost status Source of classification or shelving scheme Damaged status Not for loan Collection code Permanent location Current location Shelving location Date acquired Total Checkouts Full call number Barcode Date last seen Price effective from Koha item type
          Koleksioni i përgjithshem UBT - Lipjan UBT - Lipjan Koleksioni i përgjithshem 01/27/2018   610.73 SCH 002-2996672 01/27/2018 01/27/2018 Books
UBT Library © 2015-2024. All rights reserved University Education for Business and Technology